00429nam a22001217a 450000500170000000800410001704000070005804100080006508200180007310000190009124501570011026000400026720240513092243.0240315b ||||| |||| 00| 0 eng d cAL aeng 223a334bANAL aREBELLO (Jude) aAnalysis and Study of Co Operative Movement Organisational and Management Innovations Adopted to Sustain in a Competitive Arena:bA Case Study of CAMPCO aMangalorebSt Aoysius Collegec1993